000 00913nam a2200289Ia 4500
003 OSt
005 20221007120834.0
006 a|||||r|||| 00| 0
007 ta
008 221006b |||||||| |||| 00| 0 eng d
020 _a8178089653 (pbk)
024 _a12047
037 _b042/04, 21/07/2004, N R Book Distributors
_cTextual
040 _aBDL
_cBDL
_beng
041 _2eng
_aeng
082 _aG:(B28), L4;N9 Carb
100 _aZar Jerrold H
_9452355
245 0 _aBiostatistical analysis
250 _a4
260 _aDelhi
_bPearson Educations (Singapore) Pvt. Ltd.
_c1999
300 _axii, 663p+vp.
_ccm.
500 _aAppendix A-B, App1-App212p; Index I1-I23p.
650 _a Bioststistical anakysis
_9710104
650 _aBotany
942 _hG:(B28), L4;N9 Carb
_cTEXL
_2CC
999 _c1208093
_d1208093